Geography Quiz

Random Geography or State Quiz

Around the US in 4 Minutes Quiz Stats

 Plays Quiz Updated Jul 25, 2016

Score 0/33 Timer 04:00
7 Plays Today
Borders State % Correct
Pacific Ocean, British ColumbiaWashington
99.6%
British Columbia, Alberta, SaskatchewanMontana
94.7%
British ColumbiaIdaho
94.3%
Saskatchewan, ManitobaNorth Dakota
94%
Great Lakes, OntarioMichigan
93%
Manitoba, Ontario, Great LakesMinnesota
92.2%
Québec, New Brunswick, Atlantic OceanMaine
89.6%
Great LakesOhio
86.9%
Great Lakes, Ontario, QuébecNew York
86.5%
QuébecVermont
86.4%
QuébecNew Hampshire
84.9%
Great LakesPennsylvania
82.7%
Atlantic Ocean, Gulf of MexicoFlorida
77.2%
Atlantic OceanNorth Carolina
75.3%
Atlantic OceanSouth Carolina
75.3%
Atlantic OceanGeorgia
75.1%
Gulf of Mexico, Tamaulipas, Nuevo León, Coahuila, ChihuahuaTexas
74.9%
Borders State % Correct
Atlantic OceanRhode Island
74.8%
Gulf of MexicoAlabama
74.8%
Atlantic OceanConnecticut
74.8%
Atlantic OceanMassachusetts
74.6%
Atlantic OceanVirginia
74.6%
Gulf of MexicoLouisiana
73.8%
Gulf of MexicoMississippi
73.7%
Atlantic OceanMaryland
73.6%
Chihuahua, SonoraNew Mexico
73.4%
Baja California, Pacific OceanCalifornia
73.2%
Atlantic OceanNew Jersey
73.2%
Sonora, Baja CaliforniaArizona
72.7%
Pacific OceanOregon
72.1%
Atlantic OceanDelaware
71.8%
Atlantic OceanNew York
68.4%
Atlantic OceanNew Hampshire
66.4%

You're not logged in!

Compare scores with friends on all Sporcle quizzes.
OR
Log In

Sporcle TV

Today on Sporcle TV


Watch our educational content, quiz creation guides, and fun videos on Sporcle TV.

Show Comments

Extras

Top Quizzes Today


Score Distribution

Your Account Isn't Verified!

In order to create a playlist on Sporcle, you need to verify the email address you used during registration. Go to your Sporcle Settings to finish the process.

Report this User

Report this user for behavior that violates our Community Guidelines.

Details: